000 00355 a2200157 4500
001 75141
020 _a9788501087881
040 _cAnchieta - Colégio São Paulo
100 _aMontaldi, Valeria
240 1 0 _aO senhor do falcão
_lpor
245 1 0 _aO senhor do falcão
300 _a390
362 0 _a2010
650 4 _aFicção italiana
942 _cBK
999 _c75141
_d75141